Personnages joués par Helena Bonham Carter par images (Click) - Statistiques

Statistiques générales
  • Ce quiz a été pris 52 fois
  • Le résultat moyen est 9 sur 25
Statistiques - réponses
Hint Réponse % Correct
Alice au pays des merveilles
95%
Harry Potter et l'Ordre du Phénix
85%
La Planète des singes
83%
Charlie et la Chocolaterie
80%
Cendrillon
78%
Fight Club
63%
Frankenstein
61%
Les Suffragettes
59%
Sweeney Todd
44%
Ocean's 8
39%
Enola Holmes
32%
Le Discours d'un roi
29%
Les Misérables
27%
Lone Ranger
24%
Dark Shadows
24%
L'Extravagant voyage du jeune et prodigieux T.S. Spivet
17%
Chambre avec vue
15%
Retour à Howards End
12%
Big Fish
12%
55 Steps
10%
Envole-moi
10%
Maudite Aphrodite
7%
Novocaïne
7%
Le Roman d'Enid Blyton
2%
Une Vie
2%
Aucun quiz correspondant
Distribution des résultats
% des personnes avec chaque résultat
Percentile par nombre de réponses
Votre historique - résultats
Vous n’avez pas pris ce quiz